| 000 | 01161cad a22002415a 4500 | ||
|---|---|---|---|
| 001 | E148667 | ||
| 008 | 091016s2009 xxkd f s 000 0 eng d | ||
| 035 | _a(Sirsi) u148667 | ||
| 041 | 0 | _aeng | |
| 050 | 0 | 4 | _a333.337 $2 18 |
| 110 | 2 |
_aKing Sturge _93877 |
|
| 245 | 0 | 0 |
_aEuropean office property markets 2009 _h[electronic resource] |
| 260 |
_a[S.l.] _bKing Sturge _c2009 |
||
| 490 | 0 |
_aKing Sturge European Office Property Markets _v2009 |
|
| 520 | _aForecasts that although Europe should begin recovery from the current recession next year, growth will not return until 2011/12. In the office market, rentals are expected to fall again this year, with a 29% drop in take up predicted for major Western European cities. Suggests that prime rents will not recover until 2011. | ||
| 590 | _aKA | ||
| 650 | 2 | 4 | _aKING STURGE EUROPEAN OFFICE PROPERTY MARKETS |
| 651 | 4 | _aEurope | |
| 690 | _aPROPERTY-COMMERCIAL PROPERTY-COMMERCIAL PROPERTY MARKET | ||
| 690 | _aPROPERTY-COMMERCIAL PROPERTY-OFFICE PROPERTY | ||
| 856 | 4 | 0 |
_uhttps://www.kingsturge.com/ _zView the research report free of charge (registration required) at www.kingsturge.com... |
| 942 | _n0 | ||
| 999 |
_c110153 _d110153 |
||